| 000 | 00527cam a2200205ua 4500 | ||
|---|---|---|---|
| 020 |
_a0 07 4624 86 5 _c120.00 |
||
| 041 |
_aben _h |
||
| 082 |
_a005.133 _bVEN/PR |
||
| 100 | _aVenugopal, K.R. . | ||
| 245 |
_aProgramming with FORTRAN / _cK.R.Venugopal. _hTextual Documents |
||
| 250 |
_a1 / _b. |
||
| 260 |
_aNew Delhi : _bTata Mc-Graw Hill Publishing Company , _c1994. |
||
| 300 | _a693 ; . | ||
| 365 | _a120.00 | ||
| 500 | _a*CSS | ||
| 504 | _a | ||
| 942 | _cBK | ||
| 999 |
_c2970 _d2970 |
||